Grandes emociones y pensamientos imperfectos / (Record no. 145440)
[ view plain ]
| 000 -CABECERA | |
|---|---|
| campo de control de longitud fija | 00610nam a2200193 a 4500 |
| 005 - FECHA Y HORA DE LA ÚLTIMA TRANSACCIÓN | |
| campo de control | 20220628073935.0 |
| 008 - ELEMENTOS DE LONGITUD FIJA--INFORMACIÓN GENERAL | |
| campo de control de longitud fija | 091020s1999 mx r 000 0 spa d |
| 020 ## - NÚMERO INTERNACIONAL NORMALIZADO PARA LIBROS | |
| Número Internacional Estándar del Libro | 9684932200 |
| 035 ## - NÚMERO DE CONTROL DEL SISTEMA | |
| Número de control de sistema | UPN01000173336 |
| 049 ## - COLECCIÓN | |
| Colección | CG |
| 050 #4 - SIGNATURA TOPOGRÁFICA DE LA BIBLIOTECA DEL CONGRESO | |
| Número de clasificación | PQ9698.16 O4.6 |
| Número de documento/Ítem | G7 |
| 100 1# - ASIENTO PRINCIPAL--NOMBRE PERSONAL | |
| Nombre de persona | Fonseca, Rubem, |
| Fechas asociadas al nombre | 1925- |
| 9 (RLIN) | 32033 |
| 245 10 - MENCIÓN DE TÍTULO | |
| Título | Grandes emociones y pensamientos imperfectos / |
| Mención de responsabilidad, etc. | Rubem Fonseca ; tr. Hermann Bellinghausen. |
| 260 ## - PUBLICACIÓN, DISTRIBUCIÓN, ETC. | |
| Lugar de publicación, distribución, etc. | México : |
| Nombre del editor, distribuidor, etc. | Cal y Arena, |
| Fecha de publicación, distribución, etc. | 1999. |
| 300 ## - DESCRIPCIÓN FÍSICA | |
| Extensión | 278 p. |
| 534 ## - NOTA SOBRE LA VERSIÓN ORIGINAL | |
| Frase introductoria | Traducción de: |
| Mención de título del original | Vastas emocoes e pensamentos imperfeitos |
| 650 #0 - ASIENTO SECUNDARIO DE MATERIA - TERMINO TEMATICO | |
| Término de materia o nombre geográfico como elemento de entrada | Novela brasileña |
| 9 (RLIN) | 5077 |
| 905 ## - TIPO DE MATERIAL | |
| Tipo de material | Libro |
| Estado de retiro | Estado de pérdida | Fuente del sistema de clasificación o colocación | Estado dañado | No para préstamo | Código de colección | Localización permanente | Ubicación/localización actual | Ubicación en estantería | Total de préstamos | Clasificación | Código de barras | Fecha visto por última vez | Número de copia | Tipo de ítem Koha |
|---|---|---|---|---|---|---|---|---|---|---|---|---|---|---|
| Library of Congress Classification | Colección General | Bib. Gregorio Torres Quintero | Bib. Gregorio Torres Quintero | Planta baja | 3 | PQ9698.16 O4.6 G7 | 262923 | 31/12/2020 | 1 | Libro |
